Revitalização de centros urbanos no Brasil : uma análise comparativa das experiências de Vitória, Fortaleza e São LuísBotelho, Tarcísio R. /

Bibliographic Details
Main Author: Botelho, Tarcísio R.
Format: Analitica de revista
Language:Spanish

MARC

LEADER 00000cab a2200000 a 4500
001 033041
003 UAHC_CL
005 20170803123603.0
008 050920b xx j 000 1 spa
040 |a UAHC_CL  |c UAHC_CL  |d UAHC_CL 
100 1 |a Botelho, Tarcísio R. 
245 1 0 |a Revitalização de centros urbanos no Brasil :  |b uma análise comparativa das experiências de Vitória, Fortaleza e São LuísBotelho, Tarcísio R. /  |c Tarcísio R. Botelho. 
500 |a En: EURE (Santiago), ago. 2005, vol.31, no.93, p.53-71. ISSN 0250-7161. 
759 |a PP072 
773 0 |t EURE  |w 032794 
900 |a EURE-93/05 
942 |c REVA 
952 |0 0  |1 0  |4 0  |6 EURE_93_05_000000000000000  |7 0  |8 General  |9 63530  |a BC  |b BC  |c General  |d 2017-08-03  |l 0  |o EURE-93/05  |p FICTICIO3796  |r 2019-01-08 00:00:00  |t 1  |w 2017-08-03  |y REVA 
999 |c 33041  |d 33041